Giving form to feeling /

Saved in:
Bibliographic Details
Main Author: King, Nancy, 1936-
Format: Book
Language:English
Published: New York : Drama Book Specialists, [1975].
Edition:1st ed.
Subjects:
LEADER 00878nam a2200253 i 4500
001 c000236923
003 CARM
005 00000000000000.0
008 840301s1975 nyu 0 eng d
019 1 |a 452360  |z 23896783  |5 LACONCORD2021 
020 |a 0910482578 
035 |a (OCoLC)1093602  |5 LACONCORD2021 
082 0 4 |a 370.15/2 
100 1 |a King, Nancy,  |d 1936- 
245 1 0 |a Giving form to feeling /  |c Nancy King. 
250 |a 1st ed. 
260 |a New York :  |b Drama Book Specialists,  |c [1975]. 
300 |a 317 p. :  |b ill. ;  |c 17 cm. 
504 |a Bibliography: p. [313]-317. 
650 0 |a Creative thinking. 
650 0 |a Motor learning. 
852 8 |b CARM  |h A1:AQ13C0  |i C09033  |p 0372037  |f BK 
999 f f |i 648ca9df-483b-5a54-bbd0-6b45ab85c835  |s 6412ef3d-fd5f-5f2b-9a4c-d5fff88c6fcd 
952 f f |p Can circulate  |a CAVAL  |b CAVAL  |c CAVAL  |d CARM 1 Store  |e C09033  |f A1:AQ13C0  |h Other scheme  |i book  |m 0372037